| 000 | 00652nam a2200217 a 4500 | ||
|---|---|---|---|
| 001 | 000022756 | ||
| 005 | 20240305135410.0 | ||
| 008 | 101117s1982 ck 000 f spa d | ||
| 020 | _a8482800191 | ||
| 040 |
_aDO-SdBNP _bspa _cBNPHU |
||
| 082 |
_aC863.44 _bG216cu, 1982 |
||
| 100 | 1 |
_aGarcía Márquez, Gabriel, _b1928-2014 _d1928- _91804 |
|
| 245 | 1 | 0 |
_aCuando era feliz e indocumentado / _cGabriel García Márquez. |
| 250 | _a6a ed. | ||
| 260 |
_aBogotá : _bLa Oveja Negra, _c1982. |
||
| 300 |
_a141, [1] p. ; _c17 cm. |
||
| 650 | 4 |
_aNovela colombiana _91243 |
|
| 650 | 4 |
_aLiteratura colombiana _ySIGLO XX _914409 |
|
| 910 | _aWM | ||
| 049 | _aBNGR | ||
| 999 |
_c22253 _d22253 |
||